[Event "IECG CM.2005.0.00289"]
[Site "IECG email"]
[Date "2005.11.01"]
[Round "?"]
[White "Martinez Barnes, Jonatan"]
[Black "Mazzeo, Alberto"]
[Result "1/2-1/2"]
[WhiteElo "2200"]
[BlackElo "2223"]
[PlyCount "31"]
[EventDate "2005.11.01"]
[EventType "tourn (corr)"]
[EventRounds "6"]
[SourceTitle "Corr 2008"]
[Source "ChessBase"]
[SourceDate "2008.06.24"]
[SourceVersion "1"]
[SourceVersionDate "2008.06.24"]
[SourceQuality "1"]

1. e4 c5 2. Nf3 e6 3. d4 cxd4 4. Nxd4 Nc6 5. Nc3 Qc7 6. Be3 a6 7. Qd2 Nf6 8. 0-0-0 Bb4 9. f3 Na5 10. Kb1 Bxc3 11. bxc3 d5 12. Nb3 h6 13. c4 Nxc4 14. Bxc4 dxc4 15. Bf4 Qb6 16. Be3 1/2-1/2